El amigo de los niños

Gespeichert in:
Bibliographische Detailangaben
1. Verfasser: Torre, Juan de la
Format: keine Angabe
Sprache:Spanisch
Erschienen: México Imprenta del Siglo XIX 1896
Ausgabe:21ª
Katalog:MANES:  Suchergebnis im Bibliothekskatalog
Schulbuchspezifische Eigenschaften:
Tags: Tag hinzufügen
Keine Tags, Fügen Sie den ersten Tag hinzu!
Hinzugefügt zu:26.04.2016
Geändert in:08.05.2025

MARC

LEADER 000000000a22000000004500
001 20818
003 OSt
005 20250508091958.0
008 160427s ar ||||| |||| 00| 0 spa d
040 |c centro_manes 
041 |a spa 
561 |5 mx-CINVES  |a México. DIE-Cinvestav (Ciudad de México)  |k MANES 
691 0 |a PRI 
100 1 |a Torre, Juan de la  |9 17548 
245 0 0 |a El amigo de los niños 
250 |a 21ª 
260 3 |a México  |b Imprenta del Siglo XIX  |c 1896 
300 |a 272 p.  |c 21 x 13 cm. 
500 |a En este libro se encuentran temas desde Ciencia, Arte, Historia, Geografía entre otros. 
690 0 |a HI  |a GEO  |a CN 
942 |2 ddc  |c BK 
546 |a México 
999 |c 38014  |d 38014 
999 |c manes:38014  |d 38014